Whose Tattoo is That? - Statistics

General Stats
  • This quiz has been taken 50 times
  • The average score is 7 of 16
Answer Stats
Picture Answer % Correct
Mike Tyson
98%
Dwayne Johnson
87%
Post Malone
83%
Justin Bieber
51%
Lil Wayne
49%
Rihanna
43%
Cardi B
40%
Angelina Jolie
38%
50 Cent
36%
Christina Aguilera
32%
David Beckham
30%
Johnny Depp
28%
Nicki Minaj
28%
Ed Sheeran
21%
Scarlett Johansson
21%
Adam Levine
15%
No matching quizzes found
Score Distribution
Percent of People with Each Score
Percentile by Number Answered
Your Score History
You have not taken this quiz